000 01313nam a2200241Ia 4500
999 _c56066
_d56066
001 23166
003 GE_BSU
005 20230718122725.0
008 181216s1964||||ge |||||||||||||| ||geo||
040 _cGE_BSU
041 _ageo
080 _a821.112.2.09(075.8) კ-17
100 _aკაკაბაძე, ნოდარ
_918968
245 _aნარკვევები მეოცე საუკუნის გერმანული ლიტერატურიდან : ნაწ. 1 :
_bდამხმ. სახელმძღვ. უმაღლ. სასწ. ფილოლ.ფაკ-ტის სტუდენტების /ათვის
_cნოდარ კაკაბაძე ; რედ. მ. კვესელავა.
264 _aთბილისი :
_bცოდნა,
_c1964.
300 _a238 გვ. ;
_c22 სმ.
541 _h1 ლ. 09თ.
653 _aგერმანული ლიტერატურის ისტორია და კრიტიკა
653 _aნარკვევები მეოცე საუკუნის გერმანული ლიტერატურიდან
653 _aნაწ. 1
700 _aკვესელავა, მ.
_eრედაქტორი
_913629
942 _cBK
_2udc